Abstract algebra with applications
Saved in:
| Hovedforfatter: | |
|---|---|
| Format: | Bog |
| Sprog: | engelsk |
| Udgivet: |
Nueva York
Marcel Dekker
1994
|
| Fag: | |
| Tags: |
Tilføj Tag
Ingen Tags, Vær først til at tagge denne postø!
|
MARC
| LEADER | 00000nam a2200000 a 4500 | ||
|---|---|---|---|
| 001 | UCY2996 | ||
| 003 | CL-VaPUC | ||
| 008 | 941205e19940000US |||||||||||||||||eng|d | ||
| 082 | 0 | 4 | |a 512.02 |b SPI |2 21 |
| 100 | 0 | |a Spindler, Karlheinz |e author |9 331174 | |
| 245 | 1 | 0 | |a Abstract algebra with applications |
| 300 | |a 2 v | ||
| 942 | |c BK | ||
| 945 | |d 19941205 00:00:00 |a mfernand | ||
| 260 | |a Nueva York |b Marcel Dekker |c 1994 | ||
| 500 | |a v.1: Vector spaces and groups | ||
| 500 | |a v.2: Rings and fields | ||
| 650 | 0 | |a Álgebra abstracta |9 260081 | |
| 583 | |a last modification |c 19941205 00:00:00 |k Rodrigo Vera | ||
| 999 | |c 231250 |d 231248 | ||
| 952 | |0 0 |1 0 |4 0 |6 512_020000000000000_SPI_1994 |7 0 |8 A |9 234270 |a BIBMAT |b BIBMAT |d 2019-11-15 |h v.1 |i 3721825 |o 512.02 SPI 1994 |p 3721825 |r 2025-01-07 |w 2019-11-15 |y BK |k MAT | ||
| 952 | |0 0 |1 0 |4 0 |6 512_020000000000000_SPI_1994 |7 0 |8 A |9 234271 |a BIBMAT |b BIBMAT |d 2019-11-15 |h v.2 |i 3721833 |o 512.02 SPI 1994 |p 3721833 |r 2025-01-07 |w 2019-11-15 |y BK |k MAT | ||